Sāhitya o saṃskr̥ti sādhanā. (Record no. 55176)

MARC details
000 -LEADER
fixed length control field 00670cam a22002411 4500
001 - CONTROL NUMBER
control field sa 63003580
003 - CONTROL NUMBER IDENTIFIER
control field DLC
005 - DATE AND TIME OF LATEST TRANSACTION
control field 20260227111943.0
008 - FIXED-LENGTH DATA ELEMENTS--GENERAL INFORMATION
fixed length control field 890724r1962uuuubg 000 0 beno
010 ## - LIBRARY OF CONGRESS CONTROL NUMBER
LC control number sa 63003580
035 ## - SYSTEM CONTROL NUMBER
System control number (OCoLC)20059746
040 ## - CATALOGING SOURCE
Original cataloging agency DLC
Transcribing agency WaU
Modifying agency DLC
042 ## - AUTHENTICATION CODE
Authentication code premarc
043 ## - GEOGRAPHIC AREA CODE
Geographic area code a-bg---
050 00 - LIBRARY OF CONGRESS CALL NUMBER
Classification number PK1701
Item number .F3
100 1# - MAIN ENTRY--PERSONAL NAME
Personal name Fazal, Abdul.
245 10 - TITLE STATEMENT
Title Sāhitya o saṃskr̥ti sādhanā.
260 ## - PUBLICATION, DISTRIBUTION, ETC.
Date of publication, distribution, etc. [1962?]
300 ## - PHYSICAL DESCRIPTION
Extent 2, 286 p.
Dimensions 23 cm.
500 ## - GENERAL NOTE
General note In Bengali.
500 ## - GENERAL NOTE
General note A collection of the author's articles previously published in various periodicals.
650 #0 - SUBJECT ADDED ENTRY--TOPICAL TERM
Topical term or geographic name entry element Bengali literature
General subdivision History and criticism.

No items available.

Powered by Koha